00350nam a22001457a 450000500170000002000220001704100120003908200160005110000240006724500640009125000060015526000240016130000080018536500110019320260617094026.0 a978-93-8805-081-4 aEnglish aT16 R23 STE aStephen Jeyaseela.S aColoniya Valarchik Kaalam Pulam Peyarnthavargalin Vaazhkkai a2 aChennaibNCBHc2023 a188 b195.00